000
00295nam a2200121Ia 4500
008
231106s2018 xx 000 0 und d
041
_a
eng
082
_a
751.42
100
_a
NIKKI STRANGE
245
_a
THE ENCYCLOPEDIA OF DRAWING TECHNIQUES
260
_b
SEARCH PRESS
_c
2018
300
_a
P-158
999
_c
920151
_d
920151